<?xml version="1.0" encoding="UTF-8"?>
<record
    xmlns:xsi="http://www.w3.org/2001/XMLSchema-instance"
    xsi:schemaLocation="http://www.loc.gov/MARC21/slim http://www.loc.gov/standards/marcxml/schema/MARC21slim.xsd"
    xmlns="http://www.loc.gov/MARC21/slim">

  <leader>00644nam a22002177a 4500</leader>
  <controlfield tag="005">20170124110209.0</controlfield>
  <datafield tag="010" ind1=" " ind2=" ">
    <subfield code="a">A-953555</subfield>
  </datafield>
  <datafield tag="020" ind1=" " ind2=" ">
    <subfield code="c">60.00</subfield>
  </datafield>
  <datafield tag="035" ind1=" " ind2=" ">
    <subfield code="a">A-953555</subfield>
  </datafield>
  <datafield tag="037" ind1=" " ind2=" ">
    <subfield code="b">Cen Lib/Ret</subfield>
  </datafield>
  <datafield tag="040" ind1=" " ind2=" ">
    <subfield code="a">DPL</subfield>
    <subfield code="b">EN</subfield>
  </datafield>
  <datafield tag="082" ind1=" " ind2=" ">
    <subfield code="a">004.1</subfield>
    <subfield code="b">DHA</subfield>
  </datafield>
  <datafield tag="100" ind1=" " ind2=" ">
    <subfield code="a">Dhawan, Anu</subfield>
    <subfield code="9">37893</subfield>
  </datafield>
  <datafield tag="245" ind1=" " ind2=" ">
    <subfield code="a">Elementary computing  /</subfield>
    <subfield code="c">by  Anu Dhawan</subfield>
  </datafield>
  <datafield tag="260" ind1=" " ind2=" ">
    <subfield code="a">New Delhi</subfield>
    <subfield code="b">Computer Zone</subfield>
    <subfield code="c">1996</subfield>
  </datafield>
  <datafield tag="270" ind1=" " ind2=" ">
    <subfield code="a">101, Sai Plaza 187-188, Sant Nagar</subfield>
    <subfield code="b">New Delhi</subfield>
    <subfield code="e">110065</subfield>
  </datafield>
  <datafield tag="300" ind1=" " ind2=" ">
    <subfield code="a">240p. :</subfield>
    <subfield code="c">26cm(Hb)</subfield>
    <subfield code="b">ill.</subfield>
  </datafield>
  <datafield tag="650" ind1=" " ind2=" ">
    <subfield code="a">Computer-assisted instruction</subfield>
    <subfield code="9">8866</subfield>
  </datafield>
  <datafield tag="650" ind1=" " ind2=" ">
    <subfield code="a">Education--Data processing</subfield>
    <subfield code="9">16800</subfield>
  </datafield>
  <datafield tag="942" ind1=" " ind2=" ">
    <subfield code="2">ddc</subfield>
    <subfield code="c">EN</subfield>
    <subfield code="h">004.1</subfield>
    <subfield code="m">DHA</subfield>
  </datafield>
  <datafield tag="999" ind1=" " ind2=" ">
    <subfield code="c">133417</subfield>
    <subfield code="d">133417</subfield>
  </datafield>
  <datafield tag="952" ind1=" " ind2=" ">
    <subfield code="0">0</subfield>
    <subfield code="1">0</subfield>
    <subfield code="4">0</subfield>
    <subfield code="7">0</subfield>
    <subfield code="a">L</subfield>
    <subfield code="b">L</subfield>
    <subfield code="d">2015-07-25</subfield>
    <subfield code="e">Cen Lib/Ret</subfield>
    <subfield code="g">60.00</subfield>
    <subfield code="l">0</subfield>
    <subfield code="o">004.1 DHA</subfield>
    <subfield code="p">A-953555</subfield>
    <subfield code="r">2015-07-25 00:00:00</subfield>
    <subfield code="t">1</subfield>
    <subfield code="v">60.00</subfield>
    <subfield code="w">2015-07-25</subfield>
    <subfield code="y">EN</subfield>
  </datafield>
</record>
